000 00691nam a2200217 a 4500
001 14387
003 BD-JhCC
005 20250907123517.0
008 250907b20152025nyua|||| ||a| 001 0 eng d
020 _a9781783968596
035 _a(BD-JhCC)14387
040 _aBD-JhCC
_dBD-JhCC
041 _aenglish
082 _a327
_bMAR 2025
100 _a Marshall,Tim
245 _a Prisoners of geography :
_bten maps that tell you everything you need to know about global politics /
_cTim Marshall.
260 _aLondon:
_bElliott & Thompson Limited;
_c2025.
300 _a xxiv, 456 p. :
_bill;
_c20 cm.
650 _aGéopolitique
_xPolitical geography
_z Politique mondiale
942 _2ddc
_cBK
999 _c14387
_d14387